MARC-detaljer
| 000 -LEADER |
| fixed length control field |
04378cim a22009497a 4500 |
| 001 - CONTROL NUMBER |
| control field |
11816336 |
| 003 - CONTROL NUMBER IDENTIFIER |
| control field |
LIBRIS |
| 005 - DATE AND TIME OF LATEST TRANSACTION |
| control field |
20210817131648.0 |
| 007 - PHYSICAL DESCRIPTION FIXED FIELD--GENERAL INFORMATION |
| fixed length control field |
co ||| ||||| |
| 008 - FIXED-LENGTH DATA ELEMENTS--GENERAL INFORMATION |
| fixed length control field |
100416s2007 sw | |||s|||||| | swe|c |
| 020 ## - INTERNATIONAL STANDARD BOOK NUMBER |
| International Standard Book Number |
9789197576420 |
| 035 ## - SYSTEM CONTROL NUMBER |
| System control number |
(Bo)449017 |
| 035 ## - SYSTEM CONTROL NUMBER |
| System control number |
(Mo)b1685926 |
| 040 ## - CATALOGING SOURCE |
| Original cataloging agency |
C |
| Description conventions |
a |
| 041 ## - LANGUAGE CODE |
| Language code of text/sound track or separate title |
swe |
| 084 ## - OTHER CLASSIFICATION NUMBER |
| Classification number |
Dokba/LC |
| Number source |
kssb/8 |
| 100 1# - MAIN ENTRY--PERSONAL NAME |
| Personal name |
Schenström, Ola, |
| Dates associated with a name |
1947- |
| Relationship |
aut |
| Authority record control number or standard number |
https://libris.kb.se/sq47d4hb3hcq0q6#it |
| 245 10 - TITLE STATEMENT |
| Title |
Mindfulness |
| Medium |
[Ljudupptagning] / |
| Statement of responsibility, etc. |
Ola Schenström. |
| 246 14 - VARYING FORM OF TITLE |
| Title proper/short title |
Mindfulness för nybörjare |
| 264 #1 - PRODUCTION, PUBLICATION, DISTRIBUTION, MANUFACTURE, AND COPYRIGHT NOTICE |
| Place of production, publication, distribution, manufacture |
Luleå : |
| Name of producer, publisher, distributor, manufacturer |
Mindfulnesscenter, |
| Date of production, publication, distribution, manufacture, or copyright notice |
[2007?] |
| 300 ## - PHYSICAL DESCRIPTION |
| Extent |
2 CD-ROM |
| 347 ## - DIGITAL FILE CHARACTERISTICS |
| File type |
Ljud |
| 500 ## - GENERAL NOTE |
| General note |
Titel från titelskärmbild |
| 500 ## - GENERAL NOTE |
| Institution to which field applies |
Mo |
| General note |
svenska |
| 505 8# - FORMATTED CONTENTS NOTE |
| Formatted contents note |
CD 1. Talskivan: Introduktion -- Samhället nu och då -- Må bra -- Stress och svårigheter -- I hjärnan -- I medicinen -- Om meditation -- Sju attityder -- Avslutande ord -- CD 2. Övningsskivan: Introduktion -- Andningsövning -- Känn din kropp -- Stående meditation -- Gående meditation -- Sittande meditation -- Sittande yoga -- Kärleksfull vänlighet |
| 650 #2 - SUBJECT ADDED ENTRY--TOPICAL TERM |
| Topical term or geographic name entry element |
Awareness |
| 650 #2 - SUBJECT ADDED ENTRY--TOPICAL TERM |
| Topical term or geographic name entry element |
Meditation |
| 650 #2 - SUBJECT ADDED ENTRY--TOPICAL TERM |
| Topical term or geographic name entry element |
Consciousness |
| 650 #2 - SUBJECT ADDED ENTRY--TOPICAL TERM |
| Topical term or geographic name entry element |
Relaxation Therapy |
| 653 ## - INDEX TERM--UNCONTROLLED |
| Uncontrolled term |
Meditation |
| 653 ## - INDEX TERM--UNCONTROLLED |
| Uncontrolled term |
Personlig utveckling |
| 653 ## - INDEX TERM--UNCONTROLLED |
| Uncontrolled term |
Hälsa |
| 655 #7 - INDEX TERM--GENRE/FORM |
| Genre/form data or focus term |
Ljudböcker |
| Authority record control number or standard number |
https://id.kb.se/term/saogf/Ljudb%C3%B6cker |
| Source of term |
saogf |
| 655 #4 - INDEX TERM--GENRE/FORM |
| Institution to which field applies |
Mo |
| Genre/form data or focus term |
Ljudbok cd |
| 887 ## - NON-MARC INFORMATION FIELD |
| Content of non-MARC field |
{"@id":"j2vw3h3v054nw6t","modified":"2016-04-06T15:05:32+02:00","checksum":"176121763493"} |
| Source of data |
librisxl |
| 887 ## - NON-MARC INFORMATION FIELD |
| Content of non-MARC field |
{"@id":"jnwskv8p50656kg","modified":"2016-01-25T12:04:01+01:00","checksum":"101431279777"} |
| Source of data |
librisxl |
| 887 ## - NON-MARC INFORMATION FIELD |
| Content of non-MARC field |
{"@id":"37gj783804mc25b","modified":"2016-10-25T14:18:59+02:00","checksum":"103709844381"} |
| Source of data |
librisxl |
| 887 ## - NON-MARC INFORMATION FIELD |
| Content of non-MARC field |
{"@id":"chpbr89j44grv33","modified":"2014-04-01T11:38:21+02:00","checksum":"92803628684"} |
| Source of data |
librisxl |
| 887 ## - NON-MARC INFORMATION FIELD |
| Content of non-MARC field |
{"@id":"glsxns2m595nznj","modified":"2010-04-16T14:18:17+02:00","checksum":"104442670040"} |
| Source of data |
librisxl |
| 887 ## - NON-MARC INFORMATION FIELD |
| Content of non-MARC field |
{"@id":"w18979r226c4sl6","modified":"2016-06-07T11:54:22+02:00","checksum":"116188290842"} |
| Source of data |
librisxl |
| 887 ## - NON-MARC INFORMATION FIELD |
| Content of non-MARC field |
{"@id":"kpxwzxcq40clrcc","modified":"2016-03-07T16:45:59+01:00","checksum":"100704295894"} |
| Source of data |
librisxl |
| 887 ## - NON-MARC INFORMATION FIELD |
| Content of non-MARC field |
{"@id":"9fm95fbg050p3m2","modified":"2014-06-26T13:14:12+02:00","checksum":"119407188417"} |
| Source of data |
librisxl |
| 887 ## - NON-MARC INFORMATION FIELD |
| Content of non-MARC field |
{"@id":"v07nbrh116tmw7g","modified":"2018-02-19T12:14:08+01:00","checksum":"120471210521"} |
| Source of data |
librisxl |
| 887 ## - NON-MARC INFORMATION FIELD |
| Content of non-MARC field |
{"@id":"37fft1582xgn11g","modified":"2013-02-20T18:31:53+01:00","checksum":"110674509993"} |
| Source of data |
librisxl |
| 887 ## - NON-MARC INFORMATION FIELD |
| Content of non-MARC field |
{"@id":"37gcp7483707lbt","modified":"2016-01-04T16:33:01+01:00","checksum":"97490449411"} |
| Source of data |
librisxl |
| 887 ## - NON-MARC INFORMATION FIELD |
| Content of non-MARC field |
{"@id":"04b3xxg53bzpgjn","modified":"2015-01-29T08:24:21+01:00","checksum":"109687230782"} |
| Source of data |
librisxl |
| 887 ## - NON-MARC INFORMATION FIELD |
| Content of non-MARC field |
{"@id":"9fm5w3mg49d2m1s","modified":"2013-08-23T13:06:42+02:00","checksum":"118272441283"} |
| Source of data |
librisxl |
| 887 ## - NON-MARC INFORMATION FIELD |
| Content of non-MARC field |
{"@id":"7lfcnf8g5dx2227n","modified":"2020-10-12T12:56:08.99+02:00","checksum":"111270116557"} |
| Source of data |
librisxl |
| 942 ## - ADDED ENTRY ELEMENTS (KOHA) |
| Source of classification or shelving scheme |
Other/Generic Classification Scheme |
| Koha item type |
Ljudbok |